Commutative algebra

Saved in:
Bibliographic Details
Main Author: Matsumura, Hideyuki (autor)
Format: Book
Language:English
Published: Reading Benjamin-Cummings 1980
Edition:2a. ed
Series:Mathematics Lecture Note Series, 56
Subjects:
Tags: Add Tag
No Tags, Be the first to tag this record!

MARC

LEADER 00000nam a2200000 a 4500
001 UCW0682
003 CL-VaPUC
008 881003e19800000US |||||||||||||||||eng|d
082 0 4 |a 512.24  |b MAT  |2 21 
100 |a Matsumura, Hideyuki  |e autor  |9 304587 
245 1 0 |a Commutative algebra 
250 |a 2a. ed 
300 |a 313 p 
942 |c BK 
945 |d 19881003 00:00:00 
260 |a Reading  |b Benjamin-Cummings  |c 1980 
650 0 |a Álgebra conmutativa  |9 269932 
583 |a last modification  |c 19881003 00:00:00  |k Rodrigo Vera 
490 0 |a Mathematics Lecture Note Series, 56 
999 |c 215753  |d 215751 
952 |0 0  |1 0  |4 0  |6 512_240000000000000_MAT_1980  |7 0  |8 A  |9 200588  |a BIBMAT  |b BIBMAT  |d 2019-11-14  |i 2678268  |o 512.24 MAT 1980  |p 2678268  |r 2025-01-07  |w 2019-11-14  |y BK  |k MAT 
952 |0 0  |1 0  |4 0  |6 512_240000000000000_MAT_1980  |7 0  |8 A  |9 200589  |a BIBMAT  |b BIBMAT  |d 2019-11-14  |i 1494724  |o 512.24 MAT 1980  |p 1494724  |r 2025-01-07  |w 2019-11-14  |y BK  |k MAT